Dopad nekonvenčnej menovej politiky na výmenný kurz: Príklad ECB a FEDu diplomová práca

Gespeichert in:
Bibliographische Detailangaben
1. Verfasser: Kováčová, Kristína
Körperschaft: Národohospodárska fakulta EU. Katedra bankovníctva a medzinárodných financií
Weitere Verfasser: Fišera, Boris
Format: Buch
Sprache:Slowakisch
Veröffentlicht: Bratislava 2023
Tags: Tag hinzufügen
Keine Tags, Fügen Sie das erste Tag hinzu!

MARC

LEADER 00000nbm a2200000 4500
001 0292945
005 20231030101223.5
041 0 |a slo 
044 |a SK 
245 1 0 |a Dopad nekonvenčnej menovej politiky na výmenný kurz: Príklad ECB a FEDu  |b diplomová práca  |c Kristína Kováčová ; školiteľ: Boris Fišera 
264 1 |a Bratislava  |c 2023 
300 |a 85 s. 
100 1 |a Kováčová, Kristína 
700 1 |a Fišera, Boris 
710 2 |a Národohospodárska fakulta EU. Katedra bankovníctva a medzinárodných financií